[Event "Turkey Cup 2020"]
[Site "Antalya-Belek"]
[Date "2020.02.01"]
[Round "10.56"]
[White "Kaptan, Emre Akin"]
[Black "Yilmaz, Cumhur"]
[Result "1-0"]
[WhiteElo "1869"]
[BlackElo "1719"]
[Annotator "NA"]
[PlyCount "79"]
[EventDate "2020.01.26"]
[EventType "swiss"]
[EventCountry "TUR"]
[SourceTitle "playchess.com"]
[Source "ChessBase"]
[SourceQuality "1"]

1. e4 d5 2. exd5 Qxd5 3. Nc3 Qd6 4. d4 Nf6 5. Bc4 c6 6. Nge2 Bg4 7. f3 Bf5 8. O-O e6 9. Bf4 Qb4 10. Bb3 Nbd7 11. Re1 Be7 12. Bc7 b6 13. a3 Qa5 14. Bc4 Bg6 15. b4 Qf5 16. Bd3 Qh5 17. Ng3 Qh4 18. Nge4 Bxe4 19. Nxe4 a5 20. Bg3 Qh5 21. Qd2 O-O 22. c4 Ra7 23. c5 bxc5 24. dxc5 axb4 25. axb4 Rfa8 26. Rxa7 Rxa7 27. Nd6 Qd5 28. Qc3 Qa2 29. Bc4 Qa3 30. Qxa3 Rxa3 31. Rc1 Ra8 32. b5 Nxc5 33. bxc6 Bxd6 34. Bxd6 Na4 35. Rb1 Ne8 36. Bg3 Rc8 37. c7 Kf8 38. Rb8 Nb6 39. Rxb6 Nxc7 40. Rc6 1-0

[Event "Turkey Cup 2020"]
[Site "Antalya-Belek"]
[Date "2020.02.01"]
[Round "10.57"]
[White "Camdereli, Gunduz"]
[Black "Uzuner, Tufan Can"]
[Result "1-0"]
[WhiteElo "1763"]
[BlackElo "1939"]
[Annotator "NA"]
[PlyCount "39"]
[EventDate "2020.01.26"]
[EventType "swiss"]
[EventCountry "TUR"]
[SourceTitle "playchess.com"]
[Source "ChessBase"]
[SourceQuality "1"]

1. e4 c6 2. d4 d5 3. Nc3 dxe4 4. Nxe4 Nf6 5. Nxf6+ exf6 6. c3 Bd6 7. Bd3 O-O 8. Ne2 Re8 9. Qc2 h5 10. O-O h4 11. Bd2 h3 12. Rfe1 Nd7 13. Ng3 Rxe1+ 14. Rxe1 Nf8 15. Nf5 hxg2 16. Nxd6 Qxd6 17. Re8 f5 18. Bg5 f6 19. Bc4+ Kh8 20. Qe2 1-0

[Event "Turkey Cup 2020"]
[Site "Antalya-Belek"]
[Date "2020.02.01"]
[Round "10.58"]
[White "Tum, Hakan"]
[Black "Ataer, Arda Burak"]
[Result "1/2-1/2"]
[WhiteElo "1852"]
[BlackElo "1762"]
[Annotator "NA"]
[PlyCount "121"]
[EventDate "2020.01.26"]
[EventType "swiss"]
[EventCountry "TUR"]
[SourceTitle "playchess.com"]
[Source "ChessBase"]
[SourceQuality "1"]

1. d4 Nf6 2. Nf3 g6 3. Bf4 Bg7 4. Nc3 O-O 5. Qd2 d6 6. O-O-O Nbd7 7. e4 c5 8. Bh6 Qa5 9. h4 cxd4 10. Nxd4 Nxe4 11. Nxe4 Qxd2+ 12. Bxd2 Bxd4 13. Bg5 Bg7 14. Bb5 h6 15. Bxe7 Re8 16. Bxd7 Bxd7 17. Nf6+ Bxf6 18. Bxf6 Re6 19. Bd4 Re2 20. Rhe1 Rxe1 21. Rxe1 Be6 22. Rd1 h5 23. Be3 d5 24. Rd3 a6 25. Bd4 Rc8 26. Rb3 Rc4 27. c3 b5 28. Ra3 Rc6 29. Ra5 b4 30. Kd2 bxc3+ 31. Bxc3 Kf8 32. b3 Ke7 33. Kd3 Kd7 34. Bb4 Kc7 35. Bc5 Kb7 36. Kd4 Rc8 37. Ra4 Rc6 38. b4 Rc8 39. Ra3 Ra8 40. Rb3 Bd7 41. Rf3 Be6 42. a4 Re8 43. Rf6 Kc6 44. f3 Rh8 45. Rf4 Bf5 46. Be7 Re8 47. g4 hxg4 48. fxg4 Bxg4 49. Rxf7 Be6 50. Rg7 Bf5 51. Ke5 Kd7 52. Kf6 Kc6 53. h5 Bc2 54. hxg6 d4 55. Rh7 Rg8 56. Rh6 Kd7 57. Bc5 d3 58. Rh7+ Kc6 59. Be3 Rxg6+ 60. Ke5 Bxa4 61. Kd4 1/2-1/2

[Event "Turkey Cup 2020"]
[Site "Antalya-Belek"]
[Date "2020.02.01"]
[Round "10.59"]
[White "Unal, Yusuf Evcim"]
[Black "Canbulan, Arda"]
[Result "0-1"]
[WhiteElo "1680"]
[BlackElo "1840"]
[Annotator "NA"]
[PlyCount "82"]
[EventDate "2020.01.26"]
[EventType "swiss"]
[EventCountry "TUR"]
[SourceTitle "playchess.com"]
[Source "ChessBase"]
[SourceQuality "1"]

1. d4 Nf6 2. Bf4 c5 3. e3 Qb6 4. Nc3 a6 5. dxc5 Qxc5 6. Qd4 e6 7. O-O-O Nc6 8. Qxc5 Bxc5 9. Na4 Ba7 10. Bd6 b5 11. Nc3 b4 12. Nce2 Ne4 13. Bg3 d5 14. Nf3 Bb8 15. Nfd4 Nxd4 16. Rxd4 Bxg3 17. Nxg3 Nxf2 18. Rg1 h5 19. h4 a5 20. Bb5+ Ke7 21. Rf1 Ng4 22. e4 e5 23. Rxd5 Ne3 24. Nf5+ Bxf5 25. Rxf5 Nxd5 26. Rxe5+ Kf6 27. Rxd5 g6 28. Rd3 Ke5 29. Bc6 Rad8 30. Rf3 Rd6 31. Bb5 Rf6 32. Rxf6 Kxf6 33. Kd2 Ke5 34. Ke3 f6 35. a4 g5 36. hxg5 fxg5 37. c4 h4 38. Bd7 Rd8 39. Bf5 Rd1 40. c5 Rc1 41. Bd7 Rxc5 0-1

[Event "Turkey Cup 2020"]
[Site "Antalya-Belek"]
[Date "2020.02.01"]
[Round "10.60"]
[White "Anacak, Hasan Gunes"]
[Black "Cam, Vedat"]
[Result "1/2-1/2"]
[WhiteElo "1677"]
[BlackElo "1879"]
[Annotator "NA"]
[PlyCount "118"]
[EventDate "2020.01.26"]
[EventType "swiss"]
[EventCountry "TUR"]
[SourceTitle "playchess.com"]
[Source "ChessBase"]
[SourceQuality "1"]

1. e4 c6 2. d4 g6 3. Nc3 Bg7 4. f4 d5 5. e5 h5 6. Nf3 Bg4 7. h3 Bxf3 8. Qxf3 e6 9. Be3 Nd7 10. Bd3 Qe7 11. O-O-O h4 12. Rdg1 Nh6 13. Ne2 O-O-O 14. g4 hxg3 15. Nxg3 Rh7 16. h4 Rdh8 17. h5 Nf5 18. hxg6 fxg6 19. Bxf5 gxf5 20. Ne2 Bf8 21. Bf2 Qf7 22. Ng3 Be7 23. Rxh7 Rxh7 24. Rh1 Rxh1+ 25. Qxh1 Nf8 26. Qh5 Qxh5 27. Nxh5 Kd7 28. Kd2 Ke8 29. Ke3 Kf7 30. Kf3 Kg6 31. Ng3 Bh4 32. Ne2 Kh5 33. Ng3+ Bxg3 34. Kxg3 Ng6 35. Be1 Kh6 36. Bb4 Kg7 37. Bd6 Kf7 38. Bb8 a6 39. Ba7 Ne7 40. Bc5 Nc8 41. b3 b6 42. Bb4 Na7 43. a4 Nc8 44. Ba3 a5 45. Kh3 Ke8 46. Kh4 Kf7 47. Kh5 Na7 48. Kg5 Nc8 49. c3 Kg7 50. Kh5 Kf7 51. Kg5 Na7 52. Bd6 Nc8 53. Ba3 b5 54. Bc5 bxa4 55. bxa4 Kg7 56. Kh5 Kh7 57. Kg5 Kg7 58. Kh5 Kh7 59. Kg5 Kg7 1/2-1/2

[Event "Turkey Cup 2020"]
[Site "Antalya-Belek"]
[Date "2020.02.01"]
[Round "10.61"]
[White "Araboga, Nizamettin"]
[Black "Gunay, Mehmet Eren"]
[Result "0-1"]
[WhiteElo "1710"]
[BlackElo "1803"]
[Annotator "NA"]
[PlyCount "62"]
[EventDate "2020.01.26"]
[EventType "swiss"]
[EventCountry "TUR"]
[SourceTitle "playchess.com"]
[Source "ChessBase"]
[SourceQuality "1"]

1. d4 Nf6 2. c4 c5 3. Nf3 g6 4. e3 Bg7 5. Be2 O-O 6. O-O cxd4 7. exd4 d5 8. Nc3 Nc6 9. Bg5 Be6 10. Rc1 Ne4 11. cxd5 Nxc3 12. bxc3 Bxd5 13. Qd2 Qa5 14. Rc2 Rfe8 15. Bh6 Bf6 16. Bg5 Bxf3 17. Bxf6 Bxe2 18. Qxe2 exf6 19. Qf3 Kg7 20. h4 Rad8 21. Rb1 Qc7 22. Rcb2 b6 23. h5 h6 24. hxg6 fxg6 25. a4 Na5 26. Rb4 Re7 27. g3 Rde8 28. R1b2 Nc4 29. Rc2 Nd6 30. d5 f5 31. g4 Re4 0-1

[Event "Turkey Cup 2020"]
[Site "Antalya-Belek"]
[Date "2020.02.01"]
[Round "10.62"]
[White "Acar, Kaan"]
[Black "Bek, Emir"]
[Result "0-1"]
[WhiteElo "1636"]
[BlackElo "1829"]
[Annotator "NA"]
[PlyCount "79"]
[EventDate "2020.01.26"]
[EventType "swiss"]
[EventCountry "TUR"]
[SourceTitle "playchess.com"]
[Source "ChessBase"]
[SourceQuality "1"]

1. e4 d6 2. d4 g6 3. Nc3 Bg7 4. f4 Nf6 5. Nf3 O-O 6. e5 Nfd7 7. Bc4 Nb6 8. Bb3 d5 9. O-O e6 10. Qe1 N8d7 11. Be3 a6 12. a4 Rb8 13. g4 c6 14. Qg3 f5 15. Qh3 Qe7 16. Bf2 c5 17. a5 Nc4 18. Bxc4 dxc4 19. d5 exd5 20. Nxd5 Qe8 21. Ng5 h6 22. Nc7 fxg4 23. Qc3 Qe7 24. Qxc4+ Kh8 25. Nge6 Rf7 26. Bg3 b5 27. Qd5 Nf8 28. Nd8 Rf5 29. Qd6 Qxd6 30. exd6 Bd7 31. Bh4 Bd4+ 32. Kg2 g5 33. fxg5 Rxd8 34. Rxf5 Bxf5 35. Re1 Ng6 36. Bg3 hxg5 37. Nd5 Bxc2 38. Re6 Bf5 39. Re2 Bc8 40. Nb6 0-1

[Event "Turkey Cup 2020"]
[Site "Antalya-Belek"]
[Date "2020.02.01"]
[Round "10.63"]
[White "Gozubuyukoglu, Selami"]
[Black "Keser, Murat"]
[Result "1/2-1/2"]
[WhiteElo "1716"]
[BlackElo "1847"]
[Annotator "NA"]
[PlyCount "133"]
[EventDate "2020.01.26"]
[EventType "swiss"]
[EventCountry "TUR"]
[SourceTitle "playchess.com"]
[Source "ChessBase"]
[SourceQuality "1"]

1. e4 c5 2. Nf3 Nc6 3. Bb5 d6 4. O-O Bd7 5. c3 Nf6 6. Re1 Ne5 7. Nxe5 dxe5 8. Qa4 a6 9. Bxd7+ Qxd7 10. Qc2 e6 11. a4 Rd8 12. a5 c4 13. Qa4 Qxa4 14. Rxa4 Rc8 15. Na3 Bxa3 16. Rxa3 O-O 17. b3 Rfd8 18. f3 h6 19. Kf1 Nd7 20. b4 Nf8 21. Rd1 Rd3 22. Ke2 Ng6 23. g3 f5 24. Ra2 h5 25. Rb2 fxe4 26. fxe4 h4 27. Rg1 Rf8 28. b5 h3 29. Rf1 Rxf1 30. Kxf1 Rd6 31. Kf2 Nf8 32. bxa6 Rxa6 33. Rb5 Nd7 34. Ba3 b6 35. Bb4 bxa5 36. Rxa5 Rxa5 37. Bxa5 Nc5 38. Ke3 g5 39. g4 Kf7 40. Bb6 Nd3 41. Kf3 Kf6 42. Kg3 Nf4 43. Bc7 Nd3 44. Kxh3 Nf2+ 45. Kg2 Nxe4 46. Bd8+ Kg6 47. Bc7 Nf6 48. Bxe5 Nxg4 49. Bg3 Kf5 50. Kf3 e5 51. h3 e4+ 52. Ke2 Ne5 53. Ke3 Nf3 54. Bf2 Ke5 55. Bg3+ Kd5 56. Bf2 Ne5 57. Bg3 Ng6 58. Bc7 Nh4 59. Bd8 Nf3 60. Bf6 Ke6 61. Bd8 Kf5 62. Be7 Ke5 63. Bd8 Ng1 64. h4 gxh4 65. Bxh4 Nf3 66. Bg3+ Kd5 67. Ke2 1/2-1/2

[Event "Turkey Cup 2020"]
[Site "Antalya-Belek"]
[Date "2020.02.01"]
[Round "10.64"]
[White "Akin, Bora Zubeyir"]
[Black "Kocakaplan, Emre"]
[Result "0-1"]
[WhiteElo "1476"]
[BlackElo "1857"]
[Annotator "NA"]
[PlyCount "112"]
[EventDate "2020.01.26"]
[EventType "swiss"]
[EventCountry "TUR"]
[SourceTitle "playchess.com"]
[Source "ChessBase"]
[SourceQuality "1"]

1. e4 c5 2. c3 d5 3. Bb5+ Bd7 4. Bxd7+ Qxd7 5. exd5 Qxd5 6. Qf3 Nf6 7. d3 Nc6 8. Qxd5 Nxd5 9. Nf3 e6 10. Be3 O-O-O 11. Ke2 h6 12. h4 Bd6 13. Nbd2 b6 14. Nc4 Bc7 15. a4 Rhe8 16. d4 cxd4 17. Nxd4 Nxe3 18. fxe3 Nxd4+ 19. cxd4 e5 20. dxe5 Bxe5 21. Rac1 Kb7 22. Rhd1 Bb8 23. Rxd8 Rxd8 24. Rc3 h5 25. Rd3 Rxd3 26. Kxd3 Bg3 27. Ke4 Kc6 28. Kd4 Bxh4 29. Ne5+ Kd6 30. Nc4+ Ke6 31. b4 Bf6+ 32. Ke4 Bc3 33. b5 g5 34. Kd3 Bb4 35. e4 Bc5 36. Ke2 g4 37. Kf1 h4 38. Ke2 f6 39. Kf1 Kf7 40. a5 bxa5 41. Nxa5 Ke6 42. Nc4 Kf7 43. Na5 Kg6 44. Nb7 Bb6 45. Nd6 Kg5 46. Nf5 Bc5 47. g3 hxg3 48. Nxg3 Kf4 49. Kg2 Bd4 50. Nf5 Kxe4 51. Nd6+ Kf4 52. Nc4 Kg5 53. Kg3 f5 54. Kg2 f4 55. Nd6 f3+ 56. Kf1 g3 0-1

[Event "Turkey Cup 2020"]
[Site "Antalya-Belek"]
[Date "2020.02.01"]
[Round "10.65"]
[White "Kazik, Oguz Kagan"]
[Black "Zavalsiz, Adem"]
[Result "1-0"]
[WhiteElo "1888"]
[BlackElo "1559"]
[Annotator "NA"]
[PlyCount "67"]
[EventDate "2020.01.26"]
[EventType "swiss"]
[EventCountry "TUR"]
[SourceTitle "playchess.com"]
[Source "ChessBase"]
[SourceQuality "1"]

1. d4 Nf6 2. Bg5 h6 3. Bxf6 exf6 4. e3 d5 5. c4 c6 6. Nc3 Bb4 7. cxd5 Qxd5 8. a3 Bxc3+ 9. bxc3 Qa5 10. Qd2 O-O 11. Bd3 Qg5 12. g3 Re8 13. Ne2 Nd7 14. Qc2 c5 15. O-O cxd4 16. cxd4 Nf8 17. Be4 Qg4 18. Bg2 Qd7 19. Rfc1 Ne6 20. a4 a6 21. Rab1 Nf8 22. Nf4 Rb8 23. Bc6 Qc7 24. Nd5 Qd8 25. Bxe8 Qxd5 26. Bc6 bxc6 27. Rxb8 Bh3 28. e4 Qxd4 29. Qc5 Qxe4 30. Rxf8+ Kh7 31. Qc2 Bf5 32. Qxe4 Bxe4 33. Rxf7 Bd5 34. Ra7 1-0

[Event "Turkey Cup 2020"]
[Site "Antalya-Belek"]
[Date "2020.02.01"]
[Round "10.66"]
[White "Muftuoglu, Musa Emin"]
[Black "Durmus, Kenan"]
[Result "0-1"]
[WhiteElo "1834"]
[BlackElo "1611"]
[Annotator "NA"]
[PlyCount "156"]
[EventDate "2020.01.26"]
[EventType "swiss"]
[EventCountry "TUR"]
[SourceTitle "playchess.com"]
[Source "ChessBase"]
[SourceQuality "1"]

1. d4 Nf6 2. Bg5 Ne4 3. Bf4 c5 4. f3 Nf6 5. d5 Qb6 6. Nc3 Qxb2 7. Bd2 Qb6 8. e4 d6 9. f4 e6 10. Nf3 a6 11. Bc4 Be7 12. e5 Nxd5 13. Bxd5 exd5 14. Nxd5 Qd8 15. Bc3 O-O 16. O-O dxe5 17. fxe5 Be6 18. Nxe7+ Qxe7 19. Qe2 Nc6 20. Qf2 Rfd8 21. a4 Rd5 22. Rab1 Rad8 23. Qg3 Nd4 24. Nxd4 cxd4 25. Bb4 Qc7 26. Bd6 Qxc2 27. Rxb7 Qe4 28. Re1 Qc2 29. Qg5 Rc8 30. Rc7 h6 31. Rxc2 hxg5 32. Rxc8+ Bxc8 33. Bb4 a5 34. Bd2 Bd7 35. Bxg5 Bxa4 36. Bd2 Bc2 37. e6 fxe6 38. Rxe6 Kf7 39. Ra6 a4 40. Kf2 Rf5+ 41. Ke2 d3+ 42. Ke3 Re5+ 43. Kd4 Re2 44. Kc3 Rxg2 45. h4 Rh2 46. Bg5 Rh1 47. Kb2 Rb1+ 48. Ka2 Rb4 49. Rd6 Rb7 50. Ka3 Rb5 51. Ka2 Rxg5 52. hxg5 Ke7 53. Rd4 Ke6 54. Kb2 Kf5 55. Rd5+ Kg6 56. Ra5 Kh5 57. Kc3 g6 58. Kb2 a3+ 59. Rxa3 Kxg5 60. Kc1 Kf4 61. Kd2 g5 62. Ra8 Kg3 63. Ke3 g4 64. Rg8 Kh3 65. Kf2 Kh4 66. Ke3 Kg3 67. Rh8 Kg2 68. Rf8 g3 69. Rg8 Kh2 70. Rh8+ Kg1 71. Kf3 g2 72. Rg8 Bd1+ 73. Ke3 Be2 74. Rg7 Kf1 75. Rf7+ Ke1 76. Rg7 d2 77. Rxg2 d1=Q 78. Rg1+ Bf1 0-1

[Event "Turkey Cup 2020"]
[Site "Antalya-Belek"]
[Date "2020.02.01"]
[Round "10.67"]
[White "Ikizler, Metin"]
[Black "Selvi, Kaan"]
[Result "0-1"]
[WhiteElo "1555"]
[BlackElo "1907"]
[Annotator "NA"]
[PlyCount "68"]
[EventDate "2020.01.26"]
[EventType "swiss"]
[EventCountry "TUR"]
[SourceTitle "playchess.com"]
[Source "ChessBase"]
[SourceQuality "1"]

1. e4 c5 2. Nf3 g6 3. Bc4 Bg7 4. Nc3 Nc6 5. O-O e6 6. a3 Nge7 7. Re1 d6 8. d3 O-O 9. Bg5 h6 10. Bh4 a6 11. a4 Rb8 12. Rb1 Bd7 13. Bg3 Qc7 14. Ne2 b5 15. axb5 axb5 16. Bb3 e5 17. c3 Bg4 18. h3 Bxf3 19. gxf3 Qd7 20. Kh2 Kh8 21. Qd2 g5 22. Rh1 f5 23. Kg2 f4 24. h4 g4 25. Bxf4 gxf3+ 26. Kxf3 exf4 27. Rbg1 Ne5+ 28. Kg2 f3+ 29. Kf1 fxe2+ 30. Qxe2 c4 31. Bc2 cxd3 32. Bxd3 N7g6 33. Qe3 Rf3 34. Qe2 Rbf8 0-1

[Event "Turkey Cup 2020"]
[Site "Antalya-Belek"]
[Date "2020.02.01"]
[Round "10.69"]
[White "Ozkale, Can Barkin"]
[Black "Karakaya, Mehmet"]
[Result "0-1"]
[WhiteElo "1796"]
[BlackElo "1367"]
[Annotator "NA"]
[PlyCount "62"]
[EventDate "2020.01.26"]
[EventType "swiss"]
[EventCountry "TUR"]
[SourceTitle "playchess.com"]
[Source "ChessBase"]
[SourceQuality "1"]

1. e4 c5 2. Nf3 g6 3. d4 cxd4 4. Qxd4 Nf6 5. e5 Nc6 6. Qa4 Nd5 7. Qe4 Ndb4 8. Bb5 Bg7 9. a3 Na6 10. Nc3 Nc7 11. Bc4 O-O 12. Bf4 Ne6 13. Bg3 a6 14. O-O-O b5 15. Bxe6 fxe6 16. h4 Qe8 17. Ne2 Rb8 18. Qg4 Rf5 19. Ned4 Nxd4 20. Nxd4 Rh5 21. Qe2 Bb7 22. f3 Rc8 23. Bf4 Qf8 24. Qe3 Rc5 25. Nxe6 dxe6 26. Qxc5 Qxf4+ 27. Kb1 Qxe5 28. Qb4 a5 29. Qc3 Qxc3 30. bxc3 Rd5 31. Rde1 Kf7 0-1

[Event "Turkey Cup 2020"]
[Site "Antalya-Belek"]
[Date "2020.02.01"]
[Round "10.70"]
[White "Baylav, Can"]
[Black "Arslan, Tayfun"]
[Result "1-0"]
[WhiteElo "2176"]
[BlackElo "1462"]
[Annotator "ChessBase"]
[PlyCount "113"]
[EventDate "2020.01.26"]
[EventType "swiss"]
[EventCountry "TUR"]
[SourceTitle "playchess.com"]
[Source "ChessBase"]
[SourceQuality "1"]

1. d4 Nf6 2. c4 e6 3. Nf3 d5 4. Nc3 dxc4 5. e3 c5 6. Bxc4 cxd4 7. exd4 Nc6 8. O-O Be7 9. Bg5 O-O 10. Bd3 h6 11. Bh4 Nd5 12. Bg3 Bf6 13. Bb1 a6 14. Qd3 g6 15. a3 b5 16. Ne5 Nxe5 17. dxe5 Nxc3 18. Qxc3 Bg7 19. Be4 Ra7 20. f4 Qc7 21. Qf3 Bb7 22. Bf2 Bxe4 23. Qxe4 Qb7 24. Qe2 Raa8 25. h4 Rac8 26. h5 gxh5 27. Bh4 Rc4 28. Qxh5 Qe4 29. Rae1 Qd4+ 30. Kh1 Qxb2 31. Rf3 Rc3 32. Ref1 Rfc8 33. Bf6 Rxf3 34. Rxf3 Qb1+ 35. Kh2 Rc1 36. Qg4 Rh1+ 37. Kg3 Qg6 38. Qxg6 fxg6 39. Bxg7 Kxg7 40. Rc3 Ra1 41. Kg4 Kf8 42. Rc6 Rxa3 43. Rxe6 Kf7 44. Rf6+ Kg7 45. Rb6 Ra4 46. Rb7+ Kf8 47. Rh7 b4 48. Rxh6 Kg7 49. Kg5 Ra2 50. Rxg6+ Kf7 51. Kf5 a5 52. e6+ Ke7 53. Rg7+ Kf8 54. Kf6 Re2 55. e7+ Ke8 56. Rg8+ Kd7 57. Rd8+ 1-0

[Event "Turkey Cup 2020"]
[Site "Antalya-Belek"]
[Date "2020.02.01"]
[Round "10.71"]
[White "Alexanian, Nelli"]
[Black "Pasa, Ahmet"]
[Result "1-0"]
[WhiteElo "2012"]
[BlackElo "1742"]
[Annotator "NA"]
[PlyCount "69"]
[EventDate "2020.01.26"]
[EventType "swiss"]
[EventCountry "TUR"]
[SourceTitle "playchess.com"]
[Source "ChessBase"]
[SourceQuality "1"]

1. d4 Nf6 2. c4 e6 3. Nc3 Bb4 4. e3 O-O 5. Nge2 b6 6. a3 Bxc3+ 7. Nxc3 Bb7 8. Qc2 d5 9. cxd5 exd5 10. b4 Ne4 11. Bd3 f5 12. O-O Rf6 13. f3 Nd6 14. Bb2 Nd7 15. e4 fxe4 16. fxe4 dxe4 17. Nxe4 Nxe4 18. Bxe4 Bxe4 19. Qxe4 Rxf1+ 20. Rxf1 Nf6 21. Qe6+ Kh8 22. d5 Nh5 23. g4 Qg5 24. Bc1 Qh4 25. gxh5 Qd4+ 26. Be3 Qd3 27. Bc1 Qd4+ 28. Kh1 Qc4 29. Qf5 h6 30. Bxh6 gxh6 31. Qf6+ Kh7 32. Qg6+ Kh8 33. Qxh6+ Kg8 34. Rg1+ Kf7 35. Qe6+ 1-0

[Event "Turkey Cup 2020"]
[Site "Antalya-Belek"]
[Date "2020.02.01"]
[Round "10.72"]
[White "Tinmaz, Kerem"]
[Black "Yaylali, Adnan Dogan"]
[Result "0-1"]
[WhiteElo "1729"]
[BlackElo "1947"]
[Annotator "NA"]
[PlyCount "110"]
[EventDate "2020.01.26"]
[EventType "swiss"]
[EventCountry "TUR"]
[SourceTitle "playchess.com"]
[Source "ChessBase"]
[SourceQuality "1"]

1. e4 g6 2. d4 Bg7 3. Nc3 d6 4. Nf3 Nf6 5. Be2 O-O 6. O-O c6 7. h3 b5 8. a3 a6 9. Be3 Bb7 10. Qd2 Nbd7 11. Rad1 e5 12. dxe5 dxe5 13. Bg5 Qc7 14. Qd6 Qxd6 15. Rxd6 h6 16. Nxe5 Nxe4 17. Nxd7 Nxd6 18. Nxf8 hxg5 19. Nd7 Bd4 20. Rd1 c5 21. Nxc5 Bxc5 22. b4 Rc8 23. bxc5 Rxc5 24. Rxd6 Rxc3 25. a4 bxa4 26. Bxa6 Bc6 27. Rd3 Rxd3 28. Bxd3 Bd5 29. c4 a3 30. Bb1 Bxc4 31. Kh2 Kg7 32. Kg3 Kf6 33. Kg4 Ke5 34. Kxg5 Kd4 35. f4 Kc3 36. f5 Kb2 37. fxg6 fxg6 38. Bxg6 a2 39. h4 a1=Q 40. h5 Qc1+ 41. Kf6 Qh6 42. g4 Be2 43. g5 Qh8+ 44. Kf7 Bc4+ 45. Ke7 Qe5+ 46. Kf8 Qxg5 47. Kg7 Bd3 48. Kf7 Kc3 49. Kg7 Kd4 50. Kf7 Bxg6+ 51. hxg6 Qf5+ 52. Kg7 Ke5 53. Kh8 Qf8+ 54. Kh7 Kf6 55. g7 Qxg7# 0-1

[Event "Turkey Cup 2020"]
[Site "Antalya-Belek"]
[Date "2020.02.01"]
[Round "10.73"]
[White "Kirali, Mehmet"]
[Black "Durucay, Uygar"]
[Result "0-1"]
[WhiteElo "1890"]
[BlackElo "1544"]
[Annotator "NA"]
[PlyCount "120"]
[EventDate "2020.01.26"]
[EventType "swiss"]
[EventCountry "TUR"]
[SourceTitle "playchess.com"]
[Source "ChessBase"]
[SourceQuality "1"]

1. e4 c5 2. d4 cxd4 3. Nf3 e6 4. Nxd4 Nf6 5. Nc3 Nc6 6. Be2 Bb4 7. Nxc6 bxc6 8. e5 Nd5 9. Bd2 Nxc3 10. Bxc3 Bxc3+ 11. bxc3 Qg5 12. Qd6 Qxg2 13. O-O-O Qxf2 14. Rd2 Qb6 15. Bh5 Rb8 16. Bxf7+ Kxf7 17. Rf1+ Ke8 18. Kd1 Qb1+ 19. Ke2 Ba6+ 20. Ke3 Qb6+ 21. Ke4 Rb7 22. Rf4 Qb5 23. Ke3 Qa5 24. Rb4 Qc7 25. Rg4 Qxd6 26. exd6 g6 27. h4 Rb5 28. Ra4 Bb7 29. Rxa7 Kf7 30. c4 Rb1 31. c5 Ra8 32. Rxa8 Bxa8 33. Rd3 Rb5 34. Ra3 Rxc5 35. Rxa8 Rd5 36. a4 Rxd6 37. a5 Rd1 38. c4 h5 39. a6 Ra1 40. Kd4 Ra5 41. Ke4 Ke7 42. Kd4 Kd6 43. Rg8 Rxa6 44. Rxg6 Ra5 45. Rh6 Rf5 46. Ke4 Kc5 47. Rh7 d5+ 48. cxd5 cxd5+ 49. Ke3 Kd6 50. Rh8 Ke5 51. Rg8 d4+ 52. Kd3 Rf3+ 53. Ke2 Ke4 54. Rg5 e5 55. Rxh5 Re3+ 56. Kd2 Rh3 57. Ke2 Rh2+ 58. Kf1 d3 59. Rh8 d2 60. Rd8 Ke3 0-1

[Event "Turkey Cup 2020"]
[Site "Antalya-Belek"]
[Date "2020.02.01"]
[Round "10.74"]
[White "Arpa, Emre"]
[Black "Ozgen, Tolga"]
[Result "1-0"]
[WhiteElo "1815"]
[BlackElo "1638"]
[Annotator "NA"]
[PlyCount "77"]
[EventDate "2020.01.26"]
[EventType "swiss"]
[EventCountry "TUR"]
[SourceTitle "playchess.com"]
[Source "ChessBase"]
[SourceQuality "1"]

1. e4 Nf6 2. e5 Nd5 3. c4 Nb6 4. d4 d6 5. f4 dxe5 6. fxe5 Nc6 7. Be3 Bf5 8. Nc3 e6 9. Nf3 Bb4 10. a3 Bxc3+ 11. bxc3 Qd7 12. Bd3 Bxd3 13. Qxd3 Na5 14. c5 Nbc4 15. Bc1 Qd5 16. Rb1 O-O-O 17. O-O h6 18. Qe2 Nc6 19. Bf4 Ne7 20. Rb4 Na5 21. Rfb1 b6 22. Qa6+ Kd7 23. Qe2 Rb8 24. c4 Qc6 25. Rd1 bxc5 26. dxc5+ Kc8 27. Rdb1 Rxb4 28. axb4 Nb7 29. Nd4 Qd7 30. Qe4 Rd8 31. Be3 Kb8 32. b5 Qe8 33. Nc6+ Ka8 34. Nxa7 Kxa7 35. c6+ Kb8 36. cxb7 Qd7 37. Ra1 c6 38. Ra8+ Kc7 39. b6+ 1-0

[Event "Turkey Cup 2020"]
[Site "Antalya-Belek"]
[Date "2020.02.01"]
[Round "10.75"]
[White "Celik, Eylul"]
[Black "Yildirim, Kemal"]
[Result "1-0"]
[WhiteElo "1865"]
[BlackElo "1695"]
[Annotator "NA"]
[PlyCount "99"]
[EventDate "2020.01.26"]
[EventType "swiss"]
[EventCountry "TUR"]
[SourceTitle "playchess.com"]
[Source "ChessBase"]
[SourceQuality "1"]

1. d4 Nf6 2. c4 e6 3. Bg5 Bb4+ 4. Nd2 h6 5. Bxf6 Qxf6 6. a3 Bxd2+ 7. Qxd2 d6 8. e3 a5 9. Ne2 O-O 10. Nc3 Qe7 11. Be2 Nd7 12. O-O Nf6 13. b4 e5 14. d5 Bf5 15. Rfc1 b6 16. f3 Nd7 17. Bd1 Bh7 18. Ba4 Nb8 19. Qb2 Qg5 20. Qd2 h5 21. Nd1 Na6 22. Bc6 Rad8 23. Bb7 Nb8 24. c5 axb4 25. cxb6 cxb6 26. axb4 Qe7 27. Bc6 Rc8 28. Bb5 Bf5 29. e4 Bd7 30. Ra7 Qe8 31. Bxd7 Nxd7 32. Nc3 Nf6 33. Ra6 Qd7 34. Rca1 Rc4 35. Ra7 Qc8 36. Nb5 Rc2 37. Qe3 Rb2 38. Rc7 Qe8 39. Qc3 Rxg2+ 40. Kxg2 Qxb5 41. Qc4 Qe8 42. Raa7 Qd8 43. Re7 Ne8 44. Qc6 Nf6 45. Qc7 Qxc7 46. Rexc7 h4 47. Rc6 Nh5 48. Rac7 Nf4+ 49. Kf1 Nd3 50. b5 1-0

[Event "Turkey Cup 2020"]
[Site "Antalya-Belek"]
[Date "2020.02.01"]
[Round "10.76"]
[White "Hatipoglu, Metin"]
[Black "Gur, Tuba"]
[Result "0-1"]
[WhiteElo "1570"]
[BlackElo "1782"]
[Annotator "NA"]
[PlyCount "104"]
[EventDate "2020.01.26"]
[EventType "swiss"]
[EventCountry "TUR"]
[SourceTitle "playchess.com"]
[Source "ChessBase"]
[SourceQuality "1"]

1. e4 c5 2. Nf3 e6 3. d4 cxd4 4. Nxd4 a6 5. Bd3 Nf6 6. O-O Qc7 7. Nc3 b5 8. a3 Bb7 9. Be3 d6 10. Qe2 Nbd7 11. Rad1 Be7 12. f3 O-O 13. Kh1 Rac8 14. Qf2 Ne5 15. g4 Nc4 16. Bxc4 Qxc4 17. h4 b4 18. axb4 Qxb4 19. Nce2 Nd7 20. c3 Qc4 21. g5 d5 22. b3 Qc7 23. exd5 Bxd5 24. Bf4 Qb6 25. c4 Ba8 26. Qg3 Bc5 27. h5 e5 28. Bxe5 Nxe5 29. Qxe5 Rce8 30. Qf4 f6 31. g6 h6 32. Rfe1 Re5 33. Nf5 Qe6 34. Rd5 Bxd5 35. cxd5 Qxf5 36. Qxf5 Rxf5 37. Ng3 Rxd5 38. Re6 Bd6 39. Ne4 Rxh5+ 40. Kg2 Be5 41. Rxa6 Rc8 42. Nc5 Rg5+ 43. Kf1 Rxg6 44. Nd7 Bd4 45. Ke2 h5 46. b4 Rg1 47. b5 Rc3 48. Ra8+ Kh7 49. Nf8+ Kh6 50. f4 Rg2+ 51. Kd1 Rh3 52. Ne6 Rh1# 0-1

[Event "Turkey Cup 2020"]
[Site "Antalya-Belek"]
[Date "2020.02.01"]
[Round "10.78"]
[White "Ekici, Kaan Muhammed"]
[Black "Kalender, Murat Emre"]
[Result "1-0"]
[WhiteElo "1738"]
[BlackElo "1618"]
[Annotator "NA"]
[PlyCount "95"]
[EventDate "2020.01.26"]
[EventType "swiss"]
[EventCountry "TUR"]
[SourceTitle "playchess.com"]
[Source "ChessBase"]
[SourceQuality "1"]

1. e4 Nf6 2. e5 Nd5 3. d4 d6 4. Nf3 g6 5. Be2 Bg7 6. O-O O-O 7. Re1 Nc6 8. exd6 cxd6 9. c4 Nb6 10. d5 Ne5 11. Qb3 Nxf3+ 12. Bxf3 Qc7 13. Na3 Re8 14. Be3 Bd7 15. Rac1 Na4 16. Re2 Rac8 17. g4 b6 18. h3 Nc5 19. Qd1 Na4 20. Bd4 e5 21. dxe6 Rxe6 22. Rxe6 fxe6 23. Bxg7 Kxg7 24. Qd4+ e5 25. Qd2 Bc6 26. Bxc6 Qxc6 27. Nb5 Rf8 28. b3 Nc5 29. Qxd6 Qe4 30. Nc7 Rxf2 31. Qe7+ Kg8 32. Qd8+ Rf8 33. Qd5+ Qxd5 34. Nxd5 Rf3 35. Kg2 Rf2+ 36. Kxf2 Nd3+ 37. Ke3 Nxc1 38. Nc3 Kf7 39. Kd2 Kf6 40. Kxc1 Kg5 41. b4 Kh4 42. c5 bxc5 43. bxc5 Kxh3 44. c6 Kxg4 45. c7 h5 46. c8=Q+ Kh4 47. Ne4 g5 48. Qc3 1-0